Commercial Banking

Gespeichert in:
Bibliographische Detailangaben
Format: Buch
Sprache:Englisch
Veröffentlicht: Englewood Cliffs Prentice-Hall 1976
Ausgabe:1. ed.
Tags: Tag hinzufügen
Keine Tags, Fügen Sie das erste Tag hinzu!

MARC

LEADER 00000nam a2200000 4500
001 c039859
005 20221220101457.7
041 0 |a eng 
044 |a US 
245 1 0 |a Commercial Banking 
250 |a 1. ed. 
264 1 |a Englewood Cliffs  |b Prentice-Hall  |c 1976 
300 |a 442 s.